[Event "Bruges Masters"]
[Site "Bruges"]
[Date "2019.08.14"]
[Round "7"]
[White "Citak, Selim"]
[Black "Faure, Stephane"]
[Result "1-0"]
[WhiteElo "2263"]
[BlackElo "2045"]
[PlyCount "105"]
[EventDate "2019.08.11"]
[EventType "swiss"]
[EventRounds "9"]
[EventCountry "BEL"]
[SourceTitle "CBM 191 Extra"]
[Source "ChessBase"]
[SourceDate "2019.09.30"]
[SourceVersion "1"]
[SourceVersionDate "2019.09.30"]
[SourceQuality "1"]

1. d4 Nf6 2. c4 e6 3. Nc3 d5 4. Bg5 Be7 5. e3 0-0 6. Rc1 c6 7. Nf3 Nbd7 8. Bd3 dxc4 9. Bxc4 Nd5 10. Bxe7 Qxe7 11. 0-0 Nxc3 12. Rxc3 e5 13. Bb3 a5 14. d5 cxd5 15. Qxd5 e4 16. Nd4 Nf6 17. Qg5 a4 18. Bc2 Qb4 19. Qb5 Qxb5 20. Nxb5 Bd7 21. Nd6 Bc6 22. Nf5 Rfe8 23. Rd1 g6 24. Nd4 Bd7 25. Rc7 Bg4 26. Rc1 b5 27. Nxb5 Reb8 28. Nc3 Rxb2 29. Bxa4 Be6 30. Bc2 Ra3 31. Nxe4 Nd5 32. Rc5 Raxa2 33. Bb1 Ra1 34. Bd3 Rxc1+ 35. Rxc1 Bf5 36. Nc5 Bxd3 37. Nxd3 Rd2 38. Nc5 Kg7 39. h3 h5 40. Nb3 Rb2 41. Nd4 Ra2 42. Rc2 Ra1+ 43. Kh2 Nf6 44. Kg3 Rg1 45. Kf3 g5 46. g3 Rh1 47. h4 g4+ 48. Kf4 Ra1 49. Kg5 Ne4+ 50. Kxh5 Rf1 51. Kxg4 Nxf2+ 52. Kf3 Nd1+ 53. Ke2 1-0

[Event "Bruges Masters op"]
[Site "Bruges"]
[Date "2017.08.15"]
[Round "6"]
[White "Vandenbussche, Thibaut"]
[Black "Faure, Stephane"]
[Result "1-0"]
[WhiteElo "2387"]
[BlackElo "2109"]
[PlyCount "107"]
[EventDate "2017.08.13"]
[EventType "swiss"]
[EventRounds "9"]
[EventCountry "BEL"]
[SourceTitle "CBM 180 Extra"]
[Source "ChessBase"]
[SourceDate "2017.10.06"]
[SourceVersion "1"]
[SourceVersionDate "2017.10.06"]
[SourceQuality "1"]

1. e4 c5 2. Nf3 d6 3. c3 e6 4. d4 Nd7 5. Bd3 Ngf6 6. Bg5 h6 7. Bh4 Be7 8. Nbd2 cxd4 9. cxd4 0-0 10. Qe2 e5 11. dxe5 Nxe5 12. Nxe5 dxe5 13. Bxf6 Bxf6 14. Bc4 Bg5 15. Nb3 a5 16. 0-0 a4 17. Nc1 Qd4 18. Bd5 a3 19. Nd3 Bd7 20. Rfd1 Bb5 21. Qf3 axb2 22. Rab1 Ba4 23. Nxb2 Bxd1 24. Nxd1 Qd2 25. g3 Ra7 26. h4 Be7 27. Ne3 g6 28. Qg4 Kh8 29. h5 Bg5 30. Nc4 Qxa2 31. Rf1 f5 32. Qf3 Kg7 33. Nxe5 Qc2 34. Nxg6 Rf6 35. e5 Rfa6 36. Kg2 Ra3 37. Qd1 Qc7 38. Bb3 Qc6+ 39. Bd5 Qc7 40. f4 Be7 41. Bf3 Ra2+ 42. Kh3 Ra1 43. Qd3 R7a3 44. Qxf5 Rxf1 45. Bg2 Rf2 46. Qg4 Bg5 47. fxg5 b5 48. gxh6+ Kxh6 49. Ne7 Qc2 50. Ng8+ Kh7 51. Be4+ Qxe4 52. Qxe4+ Kxg8 53. Qg6+ Kf8 54. Qd6+ 1-0

[Event "Lille Luce op 6th"]
[Site "Lille"]
[Date "2015.05.04"]
[Round "1"]
[White "Faure, Stephane"]
[Black "Demuth, Adrien"]
[Result "0-1"]
[WhiteElo "2063"]
[BlackElo "2515"]
[PlyCount "64"]
[EventDate "2015.05.04"]
[EventType "swiss"]
[EventRounds "9"]
[EventCountry "FRA"]
[SourceTitle "EXT 2017"]
[Source "ChessBase"]
[SourceDate "2016.10.25"]
[SourceVersion "1"]
[SourceVersionDate "2016.10.25"]
[SourceQuality "1"]

1. e4 c5 2. Nf3 d6 3. d4 cxd4 4. Nxd4 Nf6 5. Nc3 Nc6 6. Bg5 e6 7. Qd2 a6 8. Nb3 b5 9. f4 b4 10. e5 dxe5 11. Qxd8+ Kxd8 12. 0-0-0+ Kc7 13. fxe5 h6 14. exf6 hxg5 15. Ne4 gxf6 16. Nxf6 Be7 17. Ne4 Ne5 18. Nf2 Bb7 19. Re1 Nd7 20. Kb1 a5 21. Ng4 Rh4 22. h3 a4 23. Nd2 Rah8 24. Ne5 Nxe5 25. Rxe5 g4 26. c3 bxc3 27. bxc3 Rg8 28. Ra5 gxh3 29. Rxh3 Rxh3 30. gxh3 Rg1 31. Rh5 Bg5 32. Rh7 Rxf1+ 0-1

[Event "FRA-ch Railways-A"]
[Site "St Mandrier"]
[Date "2015.04.07"]
[Round "3"]
[White "Faure, Stephane"]
[Black "Dehesdin, Wilfried"]
[Result "1/2-1/2"]
[WhiteElo "2061"]
[BlackElo "2168"]
[PlyCount "27"]
[EventDate "2015.04.07"]
[EventType "swiss"]
[EventRounds "7"]
[EventCountry "FRA"]
[SourceTitle "EXT 2016"]
[Source "ChessBase"]
[SourceDate "2015.10.08"]
[SourceVersion "1"]
[SourceVersionDate "2015.10.08"]
[SourceQuality "1"]

1. e4 c6 2. d4 d5 3. Nc3 g6 4. h3 Bg7 5. Nf3 dxe4 6. Nxe4 Nd7 7. Bc4 Ngf6 8. Qe2 Nxe4 9. Qxe4 0-0 10. Qh4 Nf6 11. 0-0 Bf5 12. Bb3 Be4 13. Ng5 Bf5 14. Nf3 1/2-1/2

[Event "France Railways-ch"]
[Site "Montdidier"]
[Date "2014.09.01"]
[Round "5"]
[White "Simon, Laurent"]
[Black "Faure, Stephane"]
[Result "1-0"]
[WhiteElo "1980"]
[BlackElo "2070"]
[PlyCount "101"]
[EventDate "2014.09.??"]
[EventType "swiss"]
[EventRounds "5"]
[EventCountry "FRA"]
[SourceTitle "EXT 2015"]
[Source "ChessBase"]
[SourceDate "2014.11.20"]
[SourceVersion "1"]
[SourceVersionDate "2014.11.20"]
[SourceQuality "1"]

1. e4 e5 2. f4 d6 3. Nf3 Nc6 4. Nc3 Bg4 5. Bb5 a6 6. Bxc6+ bxc6 7. fxe5 dxe5 8. 0-0 Bc5+ 9. Kh1 f6 10. d3 Ne7 11. Qe1 Ng6 12. Qg3 Qd7 13. Nh4 Nxh4 14. Qxh4 0-0 15. Bd2 Rab8 16. Rab1 Be7 17. Qg3 Kh8 18. Nd1 Be6 19. b3 c5 20. Ne3 a5 21. Bxa5 Ra8 22. Bc3 Rxa2 23. Ra1 Rfa8 24. Rxa2 Rxa2 25. Ra1 Rxa1+ 26. Bxa1 c4 27. bxc4 Qa4 28. Bc3 Bc5 29. h3 Qa3 30. Bd2 Qa1+ 31. Kh2 f5 32. exf5 e4 33. Qxc7 Qd4 34. Qb8+ Bg8 35. Qb3 Qe5+ 36. g3 Bd6 37. Be1 h5 38. h4 Qf6 39. Kg2 Bc5 40. dxe4 Qd4 41. Kf3 Qa1 42. Qc3 Qa6 43. Qa5 Qc8 44. Nd5 Bd4 45. Qc7 Qa8 46. Ba5 Qe8 47. Qd8 Qa4 48. Ne7 Qa3+ 49. c3 Kh7 50. Qxg8+ Kh6 51. Qh8# 1-0

[Event "Lille Luce op 5th"]
[Site "Lille"]
[Date "2014.05.03"]
[Round "8"]
[White "Castellanos Rodriguez, Renier"]
[Black "Faure, Stephane"]
[Result "1-0"]
[WhiteElo "2474"]
[BlackElo "2081"]
[PlyCount "59"]
[EventDate "2014.04.28"]
[EventType "swiss"]
[EventRounds "9"]
[EventCountry "FRA"]
[SourceTitle "CBM 160 Extra"]
[Source "ChessBase"]
[SourceDate "2014.07.01"]
[SourceVersion "1"]
[SourceVersionDate "2014.07.01"]
[SourceQuality "1"]

1. e4 e5 2. Nf3 Nc6 3. Bb5 Nf6 4. d3 d6 5. c3 Bd7 6. 0-0 Qe7 7. Re1 Nd8 8. Bc4 Be6 9. Nbd2 g6 10. d4 Bh6 11. dxe5 dxe5 12. Nxe5 0-0 13. Ndf3 Bg7 14. Bb3 Nh5 15. Nc4 a5 16. a4 Ra6 17. Bg5 f6 18. Be3 Qf7 19. Ncd2 g5 20. Nd4 Bxb3 21. Qxb3 Qxb3 22. N2xb3 Nf4 23. Nc5 Rd6 24. Nf5 Nd3 25. Re2 Ne6 26. Nxd6 Ndxc5 27. Nf5 Rd8 28. Bxc5 Nxc5 29. e5 Nb3 30. Rae1 1-0

[Event "Lille Luce op 3rd"]
[Site "Lille"]
[Date "2012.04.26"]
[Round "5"]
[White "Faure, Stephane"]
[Black "Duee, Paul"]
[Result "1-0"]
[WhiteElo "2114"]
[BlackElo "1725"]
[PlyCount "49"]
[EventDate "2012.04.23"]
[EventType "swiss"]
[EventRounds "8"]
[EventCountry "FRA"]
[SourceTitle "CBM 148 Extra"]
[Source "ChessBase"]
[SourceDate "2012.06.22"]
[SourceVersion "1"]
[SourceVersionDate "2012.06.22"]
[SourceQuality "1"]

1. d4 d5 2. Nf3 Nf6 3. c4 c6 4. Nc3 Bg4 5. Ne5 e6 6. Nxg4 Nxg4 7. e4 Nh6 8. Bxh6 gxh6 9. cxd5 cxd5 10. exd5 exd5 11. Bb5+ Nc6 12. 0-0 Be7 13. Qh5 Qd6 14. Nxd5 0-0 15. Bxc6 bxc6 16. Nxe7+ Qxe7 17. Qxh6 Qb4 18. Qg5+ Kh8 19. Qf6+ Kg8 20. Rac1 Rac8 21. Rc3 Rfe8 22. Rg3+ Kf8 23. Rf3 Rc7 24. Qh8+ Ke7 25. Re3+ 1-0

[Event "Lille Luce op 3rd"]
[Site "Lille"]
[Date "2012.04.25"]
[Round "3"]
[White "Faure, Stephane"]
[Black "Rosenauer, Horst"]
[Result "1-0"]
[WhiteElo "2114"]
[BlackElo "1842"]
[PlyCount "89"]
[EventDate "2012.04.23"]
[EventType "swiss"]
[EventRounds "8"]
[EventCountry "FRA"]
[SourceTitle "CBM 148 Extra"]
[Source "ChessBase"]
[SourceDate "2012.06.22"]
[SourceVersion "1"]
[SourceVersionDate "2012.06.22"]
[SourceQuality "1"]

1. e4 e5 2. Nf3 Nc6 3. Nc3 Nf6 4. d4 Bb4 5. d5 Ne7 6. Bd3 d6 7. a3 Ba5 8. h3 0-0 9. Nd2 Ng6 10. Nc4 Bxc3+ 11. bxc3 Nd7 12. 0-0 Qh4 13. Qg4 Qxg4 14. hxg4 Nc5 15. f3 Na4 16. Bd2 b6 17. Ne3 Nf4 18. Bb5 Nc5 19. g3 Ng6 20. Rae1 a6 21. Bc6 Rb8 22. c4 Ne7 23. Bb4 Nd7 24. Nf5 Nxf5 25. gxf5 Nf6 26. f4 Ng4 27. a4 Bb7 28. Bxb7 Rxb7 29. Kg2 Re8 30. Kh3 Nf6 31. fxe5 Rxe5 32. Bc3 Rxe4 33. Bxf6 Rxe1 34. Rxe1 gxf6 35. Re8+ Kg7 36. Ra8 b5 37. cxb5 axb5 38. a5 b4 39. a6 Rb5 40. a7 Ra5 41. Kg4 Kh6 42. Kf4 Ra4 43. Kf3 Kg7 44. Ke3 h5 45. Kd3 1-0

[Event "FRA-ch Accession"]
[Site "Besancon"]
[Date "2006.08.17"]
[Round "3"]
[White "Faure, Stephane"]
[Black "Lacroix, Romain"]
[Result "0-1"]
[WhiteElo "2143"]
[BlackElo "2075"]
[PlyCount "76"]
[EventDate "2006.08.15"]
[EventType "swiss"]
[EventRounds "10"]
[EventCountry "FRA"]
[SourceTitle "CBM 113 Extra"]
[Source "ChessBase"]
[SourceDate "2006.09.14"]
[SourceVersion "1"]
[SourceVersionDate "2006.09.14"]
[SourceQuality "1"]

1. d4 d5 2. Nf3 Nf6 3. g3 c6 4. Bg2 Bf5 5. 0-0 h6 6. Re1 e6 7. c4 Nbd7 8. b3 Be7 9. Nc3 0-0 10. Bb2 Ne4 11. Nd2 Ndf6 12. Ncxe4 Nxe4 13. Nxe4 Bxe4 14. Bxe4 dxe4 15. Qc2 f5 16. f3 Bb4 17. Red1 exf3 18. exf3 Qg5 19. f4 Qg4 20. Qg2 Rad8 21. a3 Be7 22. Rd2 Bf6 23. b4 Rd7 24. Re1 Rfd8 25. Qf2 Kf7 26. d5 exd5 27. Bxf6 Kxf6 28. Qe3 Kg6 29. h3 Qh5 30. g4 Qh4 31. g5 hxg5 32. Rg2 Kh7 33. Rxg5 dxc4 34. Rxf5 Rd3 35. Qe4 Rg3+ 36. Kf2 Rd2+ 37. Re2 Rxh3+ 38. Kf1 Rh1+ 0-1

[Event "Rochefort op 5th"]
[Site "Rochefort"]
[Date "2006.02.15"]
[Round "7"]
[White "Dionisi, Thomas"]
[Black "Faure, Stephane"]
[Result "1-0"]
[WhiteElo "2002"]
[BlackElo "1760"]
[PlyCount "69"]
[EventDate "2006.02.15"]
[EventType "swiss"]
[EventRounds "9"]
[EventCountry "FRA"]
[SourceTitle "EXT 2007"]
[Source "ChessBase"]
[SourceDate "2006.11.23"]
[SourceVersion "1"]
[SourceVersionDate "2006.11.23"]
[SourceQuality "1"]

1. e4 Nc6 2. Nf3 e6 3. d4 d5 4. e5 Nge7 5. c3 b6 6. Bd3 Ng6 7. Qe2 Na5 8. b4 Nb7 9. Bg5 Be7 10. Bxe7 Qxe7 11. g3 c5 12. bxc5 bxc5 13. 0-0 c4 14. Bc2 Bd7 15. Kg2 a5 16. h4 a4 17. Qe3 h6 18. h5 Nf8 19. Nh4 a3 20. f4 Ba4 21. Bxa4+ Rxa4 22. Nd2 Nh7 23. Rab1 0-0 24. Qf3 Raa8 25. f5 Ng5 26. Qg4 Rab8 27. f6 gxf6 28. exf6 Qc7 29. Ndf3 Kh7 30. Nxg5+ hxg5 31. Qxg5 Rg8 32. Ng6 Na5 33. Rxb8 Qxb8 34. Rb1 Qc7 35. Nf8+ 1-0

[Event "FRA-chT2B 0506"]
[Site "France"]
[Date "2006.01.14"]
[Round "5.7"]
[White "Faby, Laetitia"]
[Black "Faure, Stephane"]
[Result "0-1"]
[WhiteElo "1940"]
[BlackElo "2106"]
[PlyCount "58"]
[EventDate "2005.10.27"]
[EventType "team-tourn"]
[EventRounds "11"]
[EventCountry "FRA"]
[SourceTitle "EXT 2006"]
[Source "ChessBase"]
[SourceDate "2005.11.24"]
[SourceVersion "1"]
[SourceVersionDate "2005.11.24"]
[SourceQuality "1"]
[WhiteTeam "Rueil Malmaison"]
[BlackTeam "Lille"]
[WhiteTeamCountry "FRA"]
[BlackTeamCountry "FRA"]

1. c4 Nf6 2. g3 e5 3. Bg2 Nc6 4. Nc3 Bc5 5. e4 0-0 6. h3 a6 7. Nge2 Nd4 8. d3 b5 9. Nxd4 Bxd4 10. Ne2 c5 11. Nxd4 cxd4 12. b3 d6 13. 0-0 Nd7 14. f4 Rb8 15. Qc2 Nc5 16. Ba3 b4 17. Bc1 f5 18. Qe2 fxe4 19. Bxe4 Bxh3 20. Rf2 Bf5 21. Bxf5 Rxf5 22. Rh2 Qe8 23. Bd2 Qg6 24. g4 exf4 25. Qf3 Rg5 26. Rf2 Rf8 27. Bxb4 Nxd3 28. Bxd6 Qxd6 29. Qxd3 f3 0-1

[Event "Bethune op"]
[Site "Bethune"]
[Date "2005.07.06"]
[Round "5"]
[White "Roussel, Cyril"]
[Black "Faure, Stephane"]
[Result "1-0"]
[WhiteElo "2089"]
[BlackElo "2110"]
[PlyCount "45"]
[EventDate "2005.07.02"]
[EventType "swiss"]
[EventRounds "9"]
[EventCountry "FRA"]
[SourceTitle "CBM 107 Extra"]
[Source "ChessBase"]
[SourceDate "2005.09.01"]
[SourceVersion "1"]
[SourceVersionDate "2005.09.01"]
[SourceQuality "1"]

1. d4 Nf6 2. c4 e6 3. Nf3 c5 4. d5 exd5 5. cxd5 d6 6. Nc3 g6 7. h3 Bg7 8. e4 0-0 9. Bd3 b5 10. Nxb5 Nxe4 11. Bxe4 Re8 12. Ng5 Ba6 13. a4 Bxb2 14. Ne6 Rxe6 15. dxe6 Bxa1 16. exf7+ Kxf7 17. Qb3+ Kg7 18. Bxa8 Nd7 19. Bd5 c4 20. Qxc4 Qe8+ 21. Qe4 Be5 22. 0-0 Nc5 23. Qh4 1-0

[Event "Bethune op"]
[Site "Bethune"]
[Date "2005.07.03"]
[Round "2"]
[White "Faure, Stephane"]
[Black "Jouglet, Fabian"]
[Result "1/2-1/2"]
[WhiteElo "2110"]
[BlackElo "1989"]
[PlyCount "42"]
[EventDate "2005.07.02"]
[EventType "swiss"]
[EventRounds "9"]
[EventCountry "FRA"]
[SourceTitle "CBM 107 Extra"]
[Source "ChessBase"]
[SourceDate "2005.09.01"]
[SourceVersion "1"]
[SourceVersionDate "2005.09.01"]
[SourceQuality "1"]

1. d4 Nf6 2. Nf3 e6 3. g3 b6 4. Bg2 Bb7 5. 0-0 d5 6. c4 Be7 7. Nc3 0-0 8. Ne5 Qc8 9. cxd5 Nxd5 10. Nxd5 Bxd5 11. e4 Bb7 12. Re1 Nd7 13. Nc4 Rd8 14. Be3 c5 15. d5 exd5 16. exd5 Nf6 17. d6 Bxg2 18. Kxg2 Bxd6 19. Qc2 Nd5 20. Rad1 Nxe3+ 21. Rxe3 Bf8 1/2-1/2